[Event "4NCL Division 2d"]
[Site "Telford, ENG"]
[Date "2019.05.04"]
[Round "9.51"]
[White "Richardson, John R"]
[Black "Pye, David E"]
[Result "1/2-1/2"]
[WhiteElo "2320"]
[BlackElo "2200"]
[PlyCount "88"]
[EventDate "2019.05.04"]
[WhiteTeam "The ADs"]
[BlackTeam "Wessex A"]

1. d4 Nf6 2. c4 d6 3. Nf3 Bg4 4. Qb3 Qc8 5. g3 Nbd7 6. Bg2 c6 7. h3 Bh5 8. g4
Bg6 9. Nh4 e6 10. g5 Ng8 11. Nc3 Qc7 12. O-O Ne7 13. d5 Qb6 14. dxe6 fxe6 15.
Be3 Qxb3 16. axb3 a6 17. b4 Rc8 18. b5 axb5 19. cxb5 Nd5 20. Nxd5 cxd5 21. Nxg6
hxg6 22. Ra7 b6 23. Rb7 Be7 24. Ra1 Rb8 25. Raa7 Rxb7 26. Rxb7 Bd8 27. f4 Rf8
28. Bf3 Rf7 29. Bg4 Re7 30. Bd4 Kf7 31. b4 Ke8 32. Kf2 Rf7 33. Kg3 Nc5 34. Rb8
Nd7 35. Rc8 e5 36. fxe5 dxe5 37. Bb2 Rf1 38. Bc1 Rg1+ 39. Kf2 Rd1 40. Rc6 Be7
41. Rc7 Nf8 42. e3 Rd3 43. Be2 Rb3 44. h4 d4 1/2-1/2

[Event "4NCL Division 2d"]
[Site "Telford, ENG"]
[Date "2019.05.04"]
[Round "9.52"]
[White "Wilson, Jaimie"]
[Black "Baker, Chris W"]
[Result "0-1"]
[WhiteElo "2109"]
[BlackElo "2267"]
[PlyCount "48"]
[EventDate "2019.05.04"]
[WhiteTeam "Wessex A"]
[BlackTeam "The ADs"]

1. d4 Nf6 2. c4 g6 3. Nf3 Bg7 4. Nc3 d5 5. cxd5 Nxd5 6. e3 O-O 7. Be2 c5 8. O-O
Nc6 9. Nxd5 Qxd5 10. dxc5 Qxc5 11. Qb3 a6 12. Bd2 Be6 13. Qa4 Bxb2 14. Rab1 b5
15. Qf4 Bf6 16. Rfc1 Qf5 17. e4 Qxf4 18. Bxf4 Bxa2 19. e5 Bxb1 20. exf6 Be4 21.
Rc5 exf6 22. Nd2 Nd4 23. Bf1 Bb7 24. Rc7 Bd5 0-1

[Event "4NCL Division 2d"]
[Site "Telford, ENG"]
[Date "2019.05.04"]
[Round "9.53"]
[White "Swindells, Jonathan E"]
[Black "Pleasants, Allan J"]
[Result "1-0"]
[WhiteElo "2252"]
[BlackElo "2075"]
[PlyCount "57"]
[EventDate "2019.05.04"]
[WhiteTeam "The ADs"]
[BlackTeam "Wessex A"]

1. e4 g6 2. Nc3 Bg7 3. f4 c6 4. Nf3 d5 5. d3 Bxc3+ 6. bxc3 dxe4 7. dxe4 Qxd1+
8. Kxd1 Nf6 9. Bd3 O-O 10. Bd2 Na6 11. Be3 Nc7 12. Ke2 b6 13. a4 c5 14. Nd2 Bb7
15. c4 e5 16. fxe5 Ng4 17. Nf3 Rfe8 18. Bf4 Ne6 19. Bg3 f6 20. h3 Nxe5 21. Nxe5
fxe5 22. Ke3 Nd4 23. a5 Nc6 24. Rhb1 Nxa5 25. Rxa5 bxa5 26. Rxb7 a4 27. Rb5 a5
28. Rb1 Rab8 29. Ra1 1-0

[Event "4NCL Division 2d"]
[Site "Telford, ENG"]
[Date "2019.05.04"]
[Round "9.54"]
[White "Lukosius, Rolandas"]
[Black "Wheeler, Darren P"]
[Result "1/2-1/2"]
[WhiteElo "2072"]
[BlackElo "2260"]
[PlyCount "66"]
[EventDate "2019.05.04"]
[WhiteTeam "Wessex A"]
[BlackTeam "The ADs"]

1. d4 e6 2. c4 Nf6 3. Nf3 d5 4. Nc3 c5 5. cxd5 exd5 6. g3 Nc6 7. Bg2 Be7 8. O-O
O-O 9. dxc5 Bxc5 10. Bg5 d4 11. Bxf6 Qxf6 12. Ne4 Qe7 13. Nxc5 Qxc5 14. Rc1 Qb6
15. Qd2 Be6 16. b3 Rfd8 17. Ng5 Ne7 18. Nxe6 fxe6 19. Qg5 Rd7 20. Qe5 Ng6 21.
Qe4 Rad8 22. Rc4 Qd6 23. Bh3 Re7 24. Rd1 e5 25. Rd3 Rf7 26. Bc8 Qe7 27. h4 Nf8
28. Bh3 Qd6 29. b4 Nd7 30. Bxd7 Rfxd7 31. Rc5 Re7 32. e3 Qf6 33. Rd5 Rf8
1/2-1/2

[Event "4NCL Division 2d"]
[Site "Telford, ENG"]
[Date "2019.05.04"]
[Round "9.55"]
[White "Duggan, John E"]
[Black "McDougall, William"]
[Result "0-1"]
[WhiteElo "2222"]
[BlackElo "2068"]
[PlyCount "106"]
[EventDate "2019.05.04"]
[WhiteTeam "The ADs"]
[BlackTeam "Wessex A"]

1. d4 Nf6 2. g3 g6 3. Bg2 d5 4. Nf3 Bg7 5. c4 O-O 6. cxd5 Nxd5 7. O-O Nb6 8.
Nc3 Nc6 9. e3 Re8 10. Qe2 e5 11. Nxe5 Nxe5 12. dxe5 Bxe5 13. Rd1 Qe7 14. Bd2 c6
15. Rac1 Be6 16. b3 a5 17. e4 a4 18. Be3 Ra6 19. Bxb6 Bxc3 20. Rxc3 Rxb6 21.
Qe3 Rb4 22. Bf1 axb3 23. axb3 Qc7 24. f3 Qb6 25. Qxb6 Rxb6 26. Bc4 Bxc4 27.
bxc4 f5 28. Re1 fxe4 29. Rxe4 Rxe4 30. fxe4 Rb2 31. c5 Kf7 32. Rc4 g5 33. h3
Ke6 34. Kh1 Ke5 35. Kg1 h5 36. Kh1 g4 37. hxg4 hxg4 38. Kg1 Re2 39. Rb4 Rxe4
40. Rxb7 Kd5 41. Kf2 Kxc5 42. Rf7 Kd4 43. Rd7+ Kc4 44. Rd1 c5 45. Rc1+ Kd4 46.
Rd1+ Ke5 47. Rd8 c4 48. Rd7 c3 49. Rd8 Rc4 50. Re8+ Kd4 51. Rd8+ Ke4 52. Re8+
Kd3 53. Rd8+ Rd4 0-1

[Event "4NCL Division 2d"]
[Site "Telford, ENG"]
[Date "2019.05.04"]
[Round "9.56"]
[White "Westrap, Christian F"]
[Black "Snape, Ian L"]
[Result "1/2-1/2"]
[WhiteElo "2035"]
[BlackElo "2170"]
[PlyCount "76"]
[EventDate "2019.05.04"]
[WhiteTeam "Wessex A"]
[BlackTeam "The ADs"]

1. d4 c5 2. d5 g6 3. c4 d6 4. Nc3 Bg7 5. g3 Nf6 6. Bg2 O-O 7. Nf3 e6 8. O-O
exd5 9. cxd5 a6 10. a4 Re8 11. Bf4 Nh5 12. Bg5 f6 13. Bd2 f5 14. Ng5 Nf6 15.
Qb3 Qe7 16. Rfe1 h6 17. Ne6 Bxe6 18. dxe6 Nc6 19. Nd5 Nxd5 20. Bxd5 Kh7 21. Bc3
Rf8 22. f4 Rab8 23. a5 Bxc3 24. bxc3 Qc7 25. Qa4 Ne7 26. e4 c4 27. Qxc4 Qxc4
28. Bxc4 Rbc8 29. Bd5 Rxc3 30. Rac1 Rxc1 31. Rxc1 Kg7 32. Rc7 Kf6 33. exf5 gxf5
34. Bxb7 Kxe6 35. Bxa6 Ra8 36. Bd3 Rxa5 37. Rc2 Kf6 38. Re2 Ra3 1/2-1/2

[Event "4NCL Division 2d"]
[Site "Telford, ENG"]
[Date "2019.05.04"]
[Round "9.57"]
[White "Ahluwalia, Amardip"]
[Black "De Coverly, Roger D"]
[Result "1-0"]
[WhiteElo "2132"]
[BlackElo "1953"]
[PlyCount "101"]
[EventDate "2019.05.04"]
[WhiteTeam "The ADs"]
[BlackTeam "Wessex A"]

1. c4 e5 2. g3 Nf6 3. Bg2 d5 4. cxd5 Nxd5 5. Nc3 Nb6 6. Nf3 Nc6 7. O-O Be6 8.
Rb1 f6 9. d3 g5 10. h4 g4 11. Ne1 h5 12. Nc2 a5 13. Be3 Nd5 14. Bd2 Be7 15. Ne3
Nb6 16. b3 O-O 17. Nc4 Nd5 18. Rc1 f5 19. Bh6 Rf7 20. Nxd5 Bxd5 21. e4 Bxc4 22.
dxc4 Qxd1 23. Rfxd1 Kh7 24. Bd2 f4 25. Bc3 fxg3 26. fxg3 Bc5+ 27. Kh2 Bd4 28.
Be1 a4 29. b4 Bb2 30. Rc2 a3 31. Rd5 Nd4 32. Rf2 Raf8 33. Rxf7+ Rxf7 34. b5 Kg6
35. Rd8 Nc2 36. Bd2 Bd4 37. Rg8+ Kh7 38. Rg5 Rf2 39. Rxh5+ Kg6 40. Rg5+ Kf6 41.
Rf5+ Rxf5 42. exf5 Kxf5 43. Bxb7 e4 44. Bc8+ Kg6 45. Bxg4 e3 46. Ba5 Be5 47.
Kg2 Nd4 48. Bf3 Nb3 49. Bb4 Nc1 50. Bxa3 Nxa2 51. Bc5 1-0

[Event "4NCL Division 2d"]
[Site "Telford, ENG"]
[Date "2019.05.04"]
[Round "9.61"]
[White "Pitcher, John"]
[Black "Bullen, Alex"]
[Result "1/2-1/2"]
[WhiteElo "2261"]
[BlackElo "2100"]
[PlyCount "54"]
[EventDate "2019.05.04"]
[WhiteTeam "Warwickshire Select 1"]
[BlackTeam "West is Best 2"]

1. e4 c6 2. d4 d5 3. e5 Bf5 4. Nf3 e6 5. Be2 Nd7 6. O-O Ne7 7. c4 dxc4 8. Bxc4
Nb6 9. Be2 Ned5 10. Nc3 Be7 11. h3 O-O 12. a3 Rc8 13. Bd2 c5 14. Nb5 a6 15.
dxc5 Bxc5 16. Nbd4 Bg6 17. Qb3 Qd7 18. Rfc1 Qa4 19. Qxa4 Nxa4 20. b3 Bxd4 21.
Nxd4 Nac3 22. Bf1 Ne4 23. Be1 Nc5 24. Rd1 Nd7 25. f4 Nxf4 26. Nxe6 Nxe6 27.
Rxd7 Nc5 1/2-1/2

[Event "4NCL Division 2d"]
[Site "Telford, ENG"]
[Date "2019.05.04"]
[Round "9.62"]
[White "Edgell, Ben P"]
[Black "Brooks, Phil J"]
[Result "1/2-1/2"]
[WhiteElo "2143"]
[BlackElo "2187"]
[PlyCount "31"]
[EventDate "2019.05.04"]
[WhiteTeam "West is Best 2"]
[BlackTeam "Warwickshire Select 1"]

1. d4 e6 2. e4 d5 3. exd5 exd5 4. Nf3 Bd6 5. Bd3 Ne7 6. O-O Bg4 7. Re1 Nbc6 8.
c3 Qd7 9. b4 a6 10. a4 O-O 11. Bg5 Rfe8 12. Nbd2 Bf5 13. Qb1 Bxd3 14. Qxd3 Qf5
15. Qxf5 Nxf5 16. g4 1/2-1/2

[Event "4NCL Division 2d"]
[Site "Telford, ENG"]
[Date "2019.05.04"]
[Round "9.63"]
[White "Hanley, James L"]
[Black "Freeland, Alex"]
[Result "0-1"]
[WhiteElo "2176"]
[BlackElo "2046"]
[PlyCount "70"]
[EventDate "2019.05.04"]
[WhiteTeam "Warwickshire Select 1"]
[BlackTeam "West is Best 2"]

1. e4 e6 2. d4 d5 3. Nd2 Nf6 4. e5 Nfd7 5. Ngf3 c5 6. c3 Nc6 7. Bd3 g6 8. O-O
Bg7 9. a3 Qb6 10. Qa4 O-O 11. h4 f6 12. exf6 Bxf6 13. Bb5 cxd4 14. cxd4 a6 15.
Bxc6 bxc6 16. Ng5 c5 17. Ndf3 cxd4 18. b4 e5 19. Bb2 h6 20. Nh3 e4 21. Nh2 Ne5
22. Qb3 Bxh3 23. Qxh3 Nc4 24. Bc1 d3 25. Ra2 h5 26. Bh6 Rf7 27. g4 Qe6 28. Qg2
Kh7 29. Bg5 Raf8 30. Kh1 Bxg5 31. hxg5 d2 32. gxh5 Rxf2 33. hxg6+ Kxg6 34. Rxf2
d1=Q+ 35. Nf1 Rf3 0-1

[Event "4NCL Division 2d"]
[Site "Telford, ENG"]
[Date "2019.05.04"]
[Round "9.64"]
[White "Taylor, William J"]
[Black "Shephard, Chris C W"]
[Result "0-1"]
[WhiteElo "2059"]
[BlackElo "2190"]
[PlyCount "68"]
[EventDate "2019.05.04"]
[WhiteTeam "West is Best 2"]
[BlackTeam "Warwickshire Select 1"]

1. e4 d6 2. d4 Nf6 3. Nc3 e5 4. Nge2 Be7 5. g3 O-O 6. Bg2 c6 7. a4 a5 8. O-O
Na6 9. h3 Nb4 10. b3 exd4 11. Nxd4 d5 12. exd5 Nfxd5 13. Nxd5 Nxd5 14. Bb2 Bf6
15. Qf3 Re8 16. Rad1 Qe7 17. c4 Nb4 18. Bc3 Bd7 19. Rfe1 Qc5 20. Rxe8+ Bxe8 21.
Ne2 Bxc3 22. Nxc3 Qe7 23. Qf5 f6 24. Be4 g6 25. Qf4 Rd8 26. Re1 Nd3 27. Bd5+
cxd5 28. Rxe7 Nxf4 29. gxf4 dxc4 30. Ne4 Bc6 31. Nxf6+ Kf8 32. Rc7 Rd1+ 33. Kh2
cxb3 34. Nxh7+ Ke8 0-1

[Event "4NCL Division 2d"]
[Site "Telford, ENG"]
[Date "2019.05.04"]
[Round "9.65"]
[White "Mason, Donald J"]
[Black "Davies, Matthew"]
[Result "1-0"]
[WhiteElo "2065"]
[BlackElo "1932"]
[PlyCount "45"]
[EventDate "2019.05.04"]
[WhiteTeam "Warwickshire Select 1"]
[BlackTeam "West is Best 2"]

1. e4 e6 2. d4 d5 3. Nd2 Nf6 4. Bd3 c5 5. c3 Nc6 6. Ngf3 cxd4 7. cxd4 dxe4 8.
Nxe4 Bb4+ 9. Nc3 O-O 10. O-O Be7 11. a3 b6 12. Re1 Bb7 13. Bc2 Rc8 14. Qd3 Re8
15. d5 exd5 16. Bg5 Kf8 17. Bxf6 Bxf6 18. Qxh7 Rxe1+ 19. Rxe1 g6 20. Bxg6 fxg6
21. Qxg6 Bg7 22. Ng5 Qd7 23. Nh7+ 1-0

[Event "4NCL Division 2d"]
[Site "Telford, ENG"]
[Date "2019.05.04"]
[Round "9.66"]
[White "Camp, Imogen A L"]
[Black "Galloway, Iain A"]
[Result "0-1"]
[WhiteElo "1990"]
[BlackElo "2087"]
[PlyCount "78"]
[EventDate "2019.05.04"]
[WhiteTeam "West is Best 2"]
[BlackTeam "Warwickshire Select 1"]

1. d4 d5 2. c4 e6 3. Nc3 Nf6 4. Bg5 Be7 5. e3 h6 6. Bh4 O-O 7. Nf3 Ne4 8. Bxe7
Qxe7 9. Bd3 Nxc3 10. bxc3 dxc4 11. Bxc4 b6 12. O-O Bb7 13. Ne5 Qg5 14. Qg4 Qxg4
15. Nxg4 Nd7 16. f3 c5 17. Rfd1 h5 18. Nf2 Rac8 19. Rac1 Nf6 20. e4 Rfd8 21. e5
cxd4 22. cxd4 Nd5 23. Ne4 Ne3 24. Nd6 Nxd1 25. Rxd1 Rc7 26. a4 Kf8 27. Bb5 Bd5
28. Ra1 a5 29. Rb1 Rc3 30. Kf2 h4 31. Rb2 h3 32. Bf1 hxg2 33. Bxg2 Bb3 34. Kg3
Bxa4 35. Rxb6 Bc6 36. Ra6 Ra8 37. Rxa8+ Bxa8 38. Nb5 Rb3 39. Nc7 Bd5 0-1

[Event "4NCL Division 2d"]
[Site "Telford, ENG"]
[Date "2019.05.04"]
[Round "9.67"]
[White "Fallowfield, Jeremy R"]
[Black "Gregory, Andrew M"]
[Result "1/2-1/2"]
[WhiteElo "2134"]
[BlackElo "1933"]
[PlyCount "58"]
[EventDate "2019.05.04"]
[WhiteTeam "Warwickshire Select 1"]
[BlackTeam "West is Best 2"]

1. e4 e6 2. d4 d5 3. Nd2 dxe4 4. Nxe4 Nf6 5. Nxf6+ Qxf6 6. Nf3 h6 7. Bd3 Bd6 8.
O-O O-O 9. Re1 Nd7 10. Qe2 Rd8 11. Ne5 Nf8 12. Qe4 Rb8 13. Re3 Qf5 14. Qh4 Qg5
15. Qh3 Bxe5 16. dxe5 Ng6 17. Re4 Qe7 18. Rg4 Rxd3 19. cxd3 Nxe5 20. Rg3 Ng6
21. Bd2 b6 22. Re1 Qd6 23. Bc3 Bb7 24. Qg4 e5 25. Qh5 Re8 26. Rge3 Nf4 27. Qd1
Qc6 28. Qf3 Qxf3 29. gxf3 Re6 1/2-1/2

[Event "4NCL Division 2d"]
[Site "Telford, ENG"]
[Date "2019.05.04"]
[Round "9.68"]
[White "Hurley, Jake"]
[Black "Sandhu, Manvith"]
[Result "0-1"]
[WhiteElo "1855"]
[BlackElo "1742"]
[PlyCount "62"]
[EventDate "2019.05.04"]
[WhiteTeam "West is Best 2"]
[BlackTeam "Warwickshire Select 1"]

1. e4 Nc6 2. f4 d6 3. d4 Nf6 4. e5 dxe5 5. fxe5 Nd5 6. Nf3 Bg4 7. c3 e6 8. Bd3
Be7 9. O-O O-O 10. Qe1 Bh5 11. Nbd2 Nf4 12. Bc2 Bg6 13. Ne4 Nd5 14. Nfg5 h6 15.
Nh3 Nb8 16. Nf4 Nxf4 17. Bxf4 c5 18. Qe3 cxd4 19. cxd4 Nc6 20. Rad1 Qb6 21. Kh1
Rfd8 22. Bxh6 Nxd4 23. Bb1 gxh6 24. Nf6+ Kg7 25. Qf4 Nf5 26. h4 Qe3 27. Qg4
Ng3+ 28. Kh2 Nxf1+ 29. Rxf1 Qxe5+ 30. Kh1 Bxf6 31. h5 Qxh5+ 0-1

[Event "4NCL Division 2d"]
[Site "Telford, ENG"]
[Date "2019.05.04"]
[Round "9.71"]
[White "Alienkin, Aleksander"]
[Black "Bremner, Adam"]
[Result "1/2-1/2"]
[WhiteElo "2372"]
[BlackElo "2184"]
[PlyCount "79"]
[EventDate "2019.05.04"]
[WhiteTeam "Manchester Manticores 1"]
[BlackTeam "Grantham Sharks 2"]

1. e4 c6 2. d3 d5 3. Nd2 e5 4. Ngf3 Bd6 5. g3 Bg4 6. Bg2 Nd7 7. O-O Ne7 8. h3
Bh5 9. b3 O-O 10. Bb2 f5 11. exf5 Bxf3 12. Nxf3 Rxf5 13. c4 Qc7 14. Qe2 Re8 15.
Rac1 Qb8 16. cxd5 cxd5 17. Nd4 Rf7 18. Nb5 a6 19. Nxd6 Qxd6 20. Rce1 Nc6 21. f4
Rfe7 22. Qf3 Nf6 23. g4 e4 24. dxe4 dxe4 25. Qe3 Nd5 26. Qd2 Qc5+ 27. Kh1 Ndb4
28. Qe3 Qxe3 29. Rxe3 Nxa2 30. Rfe1 Nab4 31. Rxe4 Nd3 32. Rxe7 Rxe7 33. Rxe7
Nxe7 34. Ba3 Nc6 35. Bd5+ Kh8 36. Bd6 a5 37. f5 h6 38. Kg2 Nd4 39. Bc4 Nc1 40.
Be5 1/2-1/2

[Event "4NCL Division 2d"]
[Site "Telford, ENG"]
[Date "2019.05.04"]
[Round "9.72"]
[White "Makkar, Rajat"]
[Black "Polaczek, Richard"]
[Result "1/2-1/2"]
[WhiteElo "2147"]
[BlackElo "2375"]
[PlyCount "57"]
[EventDate "2019.05.04"]
[WhiteTeam "Grantham Sharks 2"]
[BlackTeam "Manchester Manticores 1"]

1. d4 Nf6 2. c4 e6 3. g3 d5 4. Nf3 dxc4 5. Bg2 Bd7 6. Ne5 Bc6 7. Nxc6 Nxc6 8.
e3 Qd7 9. O-O Rb8 10. Qe2 b5 11. b3 cxb3 12. axb3 Rb6 13. Bxc6 Qxc6 14. Rxa7
Bd6 15. Ba3 Bxa3 16. Nxa3 O-O 17. Qc2 Qxc2 18. Nxc2 Rc6 19. Na3 Rb8 20. Nxb5
Ne8 21. Ra5 Rcb6 22. Nc3 Rxb3 23. Ne4 Rb2 24. Rfa1 Kf8 25. Nc5 Ke7 26. Ra8 Rxa8
27. Rxa8 h5 28. h4 Rc2 29. Kg2 1/2-1/2

[Event "4NCL Division 2d"]
[Site "Telford, ENG"]
[Date "2019.05.04"]
[Round "9.73"]
[White "Hamer, Martyn"]
[Black "Birtwistle, Nigel"]
[Result "1/2-1/2"]
[WhiteElo "2132"]
[BlackElo "2144"]
[PlyCount "51"]
[EventDate "2019.05.04"]
[WhiteTeam "Manchester Manticores 1"]
[BlackTeam "Grantham Sharks 2"]

1. d4 Nf6 2. c4 c5 3. d5 b5 4. cxb5 a6 5. bxa6 Bxa6 6. Nc3 g6 7. f4 Bg7 8. Nf3
O-O 9. e4 Bxf1 10. Rxf1 d6 11. Kf2 Qb6 12. Kg1 Nfd7 13. Qe2 Qa6 14. Re1 Nb6 15.
e5 Qxe2 16. Rxe2 Na6 17. b3 Nb4 18. Bb2 N4xd5 19. Nxd5 Nxd5 20. g3 Nb4 21. a3
Nd3 22. Bc3 dxe5 23. fxe5 Bh6 24. Bd2 Bg7 25. Bc3 Bh6 26. Bd2 1/2-1/2

[Event "4NCL Division 2d"]
[Site "Telford, ENG"]
[Date "2019.05.04"]
[Round "9.74"]
[White "Cumbers, Paul"]
[Black "Kay, Lee P"]
[Result "1/2-1/2"]
[WhiteElo "2100"]
[BlackElo "2087"]
[PlyCount "96"]
[EventDate "2019.05.04"]
[WhiteTeam "Grantham Sharks 2"]
[BlackTeam "Manchester Manticores 1"]

1. e4 e6 2. d4 d5 3. e5 Bd7 4. Nf3 a6 5. Nc3 Bb4 6. Bd3 Bb5 7. O-O Bxd3 8. Qxd3
Ne7 9. Ne2 Nf5 10. Ng3 Nxg3 11. fxg3 Be7 12. Be3 O-O 13. g4 Nd7 14. g5 c5 15.
c3 Rc8 16. h4 cxd4 17. cxd4 Qc7 18. Rf2 Qc4 19. Qd1 Nb6 20. Nh2 Qa4 21. b3 Qe8
22. Ng4 Kh8 23. Qd2 Nd7 24. Raf1 Rc7 25. Rf3 Bd8 26. Qf2 Kg8 27. Qg3 Kh8 28.
Qf2 Kg8 29. Qg3 Kh8 30. h5 Rc3 31. Qh3 b5 32. g6 f5 33. exf6 Bxf6 34. gxh7 Be7
35. h6 g6 36. Qg3 Kxh7 37. Qf2 Rf5 38. Qd2 Qc8 39. Bf4 Rxf3 40. Rxf3 g5 41. Bg3
Qf8 42. Qe2 Rxf3 43. gxf3 Qf5 44. Kg2 Nf6 45. Ne5 Nh5 46. Ng4 Nf6 47. Ne5 Nh5
48. Ng4 Nf6 1/2-1/2

[Event "4NCL Division 2d"]
[Site "Telford, ENG"]
[Date "2019.05.04"]
[Round "9.75"]
[White "Peacock, Malcolm R"]
[Black "Milson, Samuel A"]
[Result "1-0"]
[WhiteElo "2087"]
[BlackElo "2100"]
[PlyCount "101"]
[EventDate "2019.05.04"]
[WhiteTeam "Manchester Manticores 1"]
[BlackTeam "Grantham Sharks 2"]

1. c4 e5 2. g3 Nf6 3. Bg2 c6 4. d4 exd4 5. Qxd4 Na6 6. Nf3 Bc5 7. Qd1 d5 8. O-O
O-O 9. cxd5 Nb4 10. a3 Nbxd5 11. Qc2 Qe7 12. Nbd2 Bb6 13. e4 Nc7 14. e5 Ng4 15.
Nc4 f6 16. exf6 Nxf6 17. Bf4 Nce8 18. Rae1 Qf7 19. Nxb6 axb6 20. Ng5 Qh5 21.
Qb3+ Kh8 22. Qxb6 h6 23. Ne6 Bxe6 24. Rxe6 Nd5 25. Bxd5 Qxd5 26. Re5 Qd7 27.
Rfe1 Nf6 28. Qb3 Qh3 29. R5e2 Nd5 30. Be5 Rf7 31. f4 Qg4 32. Re4 Rd8 33. Qd1
Qh3 34. Qe2 Rfd7 35. Qg2 Qg4 36. Qf2 Qf5 37. b3 Kh7 38. Qe2 Qh3 39. Ba1 Ne3 40.
Rxe3 Rd2 41. Re7 Rxe2 42. Rxg7+ Kh8 43. Rd7+ Kg8 44. Rxd8+ Kf7 45. Rxe2 Qf5 46.
Rde8 Qc5+ 47. Kf1 Qb5 48. R8e7+ Kg6 49. g4 h5 50. Rg7+ Kh6 51. g5+ 1-0

[Event "4NCL Division 2d"]
[Site "Telford, ENG"]
[Date "2019.05.04"]
[Round "9.76"]
[White "Murphy, Hugh W"]
[Black "Rahulan, Thivyaa"]
[Result "1-0"]
[WhiteElo "2102"]
[BlackElo "1975"]
[PlyCount "127"]
[EventDate "2019.05.04"]
[WhiteTeam "Grantham Sharks 2"]
[BlackTeam "Manchester Manticores 1"]

1. d4 f5 2. Bf4 Nf6 3. e3 e6 4. Nf3 Be7 5. h3 d6 6. Be2 Bd7 7. O-O O-O 8. c4
Be8 9. Nc3 h6 10. b4 Nbd7 11. Rc1 g5 12. Bh2 Kh8 13. c5 Rg8 14. cxd6 Bxd6 15.
Nb5 Bxh2+ 16. Nxh2 Nd5 17. Qb3 a6 18. Nc3 N7f6 19. Nxd5 Nxd5 20. Bf3 Bc6 21.
Rfe1 Qd6 22. a3 Raf8 23. Qb2 Rg7 24. Rcd1 Qd7 25. g3 Qf7 26. Bg2 h5 27. Nf3 Qf6
28. Ne5 Ba4 29. Rc1 f4 30. Rc5 b6 31. Rcc1 g4 32. hxg4 fxg3 33. fxg3 Qg5 34.
Qd2 hxg4 35. Bxd5 exd5 36. Rf1 Rxf1+ 37. Rxf1 Kg8 38. Qf2 Qe7 39. Qf5 Bd7 40.
Nxd7 Qxd7 41. Qf8+ Kh7 42. Rf5 Qe6 43. Rh5+ Kg6 44. Re5 Qd7 45. Qh8 c6 46. Qh5+
Kf6 47. Kg2 b5 48. Kg1 Rg6 49. Qh8+ Kf7 50. Kg2 Rg7 51. Qh6 Rg6 52. Qh4 Rg7 53.
Qh5+ Kf6 54. Qh6+ Kf7 55. Qf4+ Kg8 56. Rf5 Qe8 57. Rf6 Qh5 58. Kg1 Qe8 59. Kg2
Qh5 60. Rf8+ Kh7 61. Qb8 Qh3+ 62. Kg1 Kg6 63. Qe8+ Kg5 64. Qe5+ 1-0

[Event "4NCL Division 2d"]
[Site "Telford, ENG"]
[Date "2019.05.04"]
[Round "9.77"]
[White "Niedbal, Piotr"]
[Black "Varnam, Liam D"]
[Result "1/2-1/2"]
[WhiteElo "2020"]
[BlackElo "2111"]
[PlyCount "89"]
[EventDate "2019.05.04"]
[WhiteTeam "Manchester Manticores 1"]
[BlackTeam "Grantham Sharks 2"]

1. e4 c5 2. Nf3 Nc6 3. d4 cxd4 4. Nxd4 Nf6 5. Nc3 e5 6. Ndb5 d6 7. Bg5 a6 8.
Na3 b5 9. Nd5 Be7 10. Bxf6 Bxf6 11. c4 b4 12. Nc2 a5 13. g3 O-O 14. Bg2 Be6 15.
Nce3 Nd4 16. O-O Rc8 17. b3 Be7 18. Qd3 Rc5 19. Rac1 Bg5 20. f4 Bh6 21. Rcd1
Qd7 22. Nb6 Qa7 23. Nbd5 Bxd5 24. Nxd5 Nxb3 25. Kh1 Nd4 26. Rc1 Rb8 27. g4 f6
28. h4 Rxd5 29. g5 Rc5 30. gxh6 gxh6 31. Bh3 b3 32. axb3 Rxb3 33. Rc3 Qb7 34.
Rg1+ Kf8 35. fxe5 Rxc3 36. Qxc3 Qxe4+ 37. Bg2 Qxh4+ 38. Bh3 Rxe5 39. Qa3 Nf5
40. Qb3 Re3 41. Qb8+ Re8 42. Rg8+ Kxg8 43. Qxe8+ Kg7 44. Qd7+ Kg8 45. Qe8+
1/2-1/2

[Event "4NCL Division 2d"]
[Site "Telford, ENG"]
[Date "2019.05.04"]
[Round "9.78"]
[White "Kafka, Graeme"]
[Black "Mulleady, Peter J"]
[Result "1/2-1/2"]
[WhiteElo "2125"]
[BlackElo "1990"]
[PlyCount "65"]
[EventDate "2019.05.04"]
[WhiteTeam "Grantham Sharks 2"]
[BlackTeam "Manchester Manticores 1"]

1. e4 c5 2. Nf3 Nc6 3. d4 cxd4 4. Nxd4 Nf6 5. Nc3 e5 6. Ndb5 d6 7. Bg5 a6 8.
Na3 b5 9. Nd5 Be7 10. Bxf6 Bxf6 11. c4 b4 12. Nc2 a5 13. g3 O-O 14. Bg2 g6 15.
Qd3 Bg7 16. Nde3 Be6 17. Rd1 Qb6 18. O-O Rfd8 19. b3 a4 20. Nd5 Bxd5 21. cxd5
Nd4 22. Nxd4 exd4 23. Rc1 Rdc8 24. Rc4 axb3 25. axb3 Rxc4 26. Qxc4 Qc5 27. Qxc5
dxc5 28. f4 f6 29. Rc1 Ra5 30. Bf1 Kf8 31. Bc4 Ke7 32. Re1 Kd6 33. Kf2 1/2-1/2

[Event "4NCL Division 2d"]
[Site "Telford, ENG"]
[Date "2019.05.04"]
[Round "9.81"]
[White "Bak, Christopher"]
[Black "Kilpatrick, Callum"]
[Result "0-1"]
[WhiteElo "2043"]
[BlackElo "2346"]
[PlyCount "62"]
[EventDate "2019.05.04"]
[WhiteTeam "Bradford DCA Knights A"]
[BlackTeam "Guildford 3"]

1. c4 Nf6 2. Nc3 d5 3. cxd5 Nxd5 4. g3 g6 5. Bg2 Nb6 6. d3 Nc6 7. Be3 Bg7 8.
Rc1 Nd4 9. Qd2 Nf5 10. Bc5 O-O 11. Nf3 c6 12. O-O Nd7 13. Ba3 b5 14. Ne4 Bb7
15. e3 a5 16. b4 Nd6 17. Nfg5 Ne5 18. Nc5 Ndc4 19. Nxb7 Nxd2 20. Nxd8 Rfxd8 21.
Rfd1 Rxd3 22. Bb2 axb4 23. Bxe5 Bxe5 24. Bxc6 Rxa2 25. Bxb5 Rd6 26. Be8 Rf6 27.
Rc8 Kg7 28. Kg2 b3 29. Rxd2 Rxd2 30. Ne4 Rfxf2+ 31. Nxf2 b2 0-1

[Event "4NCL Division 2d"]
[Site "Telford, ENG"]
[Date "2019.05.04"]
[Round "9.82"]
[White "Povah, Nigel E"]
[Black "Eagleton, Greg T"]
[Result "0-1"]
[WhiteElo "2319"]
[BlackElo "2068"]
[PlyCount "68"]
[EventDate "2019.05.04"]
[WhiteTeam "Guildford 3"]
[BlackTeam "Bradford DCA Knights A"]

1. d4 Nf6 2. Bf4 g6 3. Nc3 Bg7 4. e4 d6 5. Qd2 O-O 6. O-O-O a6 7. f3 b5 8. Bh6
Nc6 9. h4 e5 10. d5 Nd4 11. g4 Bd7 12. h5 a5 13. Nce2 Nxe2+ 14. Nxe2 b4 15. Ng3
b3 16. cxb3 a4 17. Bxg7 Kxg7 18. hxg6 fxg6 19. Qh6+ Kg8 20. g5 Nh5 21. Nxh5
gxh5 22. g6 Qe7 23. Qxh5 axb3 24. a3 Be8 25. Bh3 Bxg6 26. Rdg1 Rf6 27. Bf5 Qg7
28. Qh3 c6 29. Be6+ Kf8 30. dxc6 Qa7 31. Kb1 Qe3 32. Rd1 Rxf3 33. Rhf1 Bxe4+
34. Ka1 Rxa3+ 0-1

[Event "4NCL Division 2d"]
[Site "Telford, ENG"]
[Date "2019.05.04"]
[Round "9.83"]
[White "Nicholson, Jim W R"]
[Black "Ciuksyte, Dagne"]
[Result "0-1"]
[WhiteElo "1992"]
[BlackElo "2299"]
[PlyCount "78"]
[EventDate "2019.05.04"]
[WhiteTeam "Bradford DCA Knights A"]
[BlackTeam "Guildford 3"]

1. d4 Nf6 2. Nf3 e6 3. Bg5 c5 4. e3 b6 5. Nbd2 Bb7 6. c3 Be7 7. Bd3 O-O 8. O-O
h6 9. Bh4 d6 10. Qe2 Nbd7 11. e4 Nh5 12. Bxe7 Qxe7 13. g3 cxd4 14. cxd4 e5 15.
dxe5 dxe5 16. Nc4 Nhf6 17. Nfd2 Nc5 18. Bc2 Rfd8 19. Rfd1 Rac8 20. Rac1 Ba6 21.
b3 Rd4 22. Nf3 Bxc4 23. bxc4 Rxd1+ 24. Rxd1 Qe6 25. Nh4 g6 26. Ng2 Qc6 27. f3
Ne6 28. Bd3 Rd8 29. Ne3 Qc5 30. Kg2 Nh5 31. Qf2 Nhf4+ 32. gxf4 Nxf4+ 33. Kf1
Rxd3 34. Rxd3 Nxd3 35. Qd2 Nf4 36. Ng4 Qxc4+ 37. Kf2 Kg7 38. Kg3 Qf1 39. Nxe5
Qg1+ 0-1

[Event "4NCL Division 2d"]
[Site "Telford, ENG"]
[Date "2019.05.04"]
[Round "9.84"]
[White "Golding, Alex"]
[Black "Bak, Andrew"]
[Result "1/2-1/2"]
[WhiteElo "2222"]
[BlackElo "1985"]
[PlyCount "79"]
[EventDate "2019.05.04"]
[WhiteTeam "Guildford 3"]
[BlackTeam "Bradford DCA Knights A"]

1. e4 c5 2. Nf3 Nc6 3. d4 cxd4 4. Nxd4 Nf6 5. Nc3 e5 6. Ndb5 d6 7. Bg5 a6 8.
Na3 b5 9. Nd5 Be7 10. Bxf6 Bxf6 11. c3 O-O 12. g3 g6 13. Bg2 Bg7 14. O-O Ne7
15. Nxe7+ Qxe7 16. Nc2 Bb7 17. Nb4 Qe6 18. a4 a5 19. Nd5 Bxd5 20. Qxd5 Qxd5 21.
exd5 Rfb8 22. axb5 Rxb5 23. b4 e4 24. Rfc1 f5 25. Bf1 Rbb8 26. Rxa5 Rxa5 27.
bxa5 Rb3 28. a6 Ra3 29. Bb5 Kf7 30. c4 Bd4 31. Rc2 Kf6 32. Kg2 g5 33. Re2 g4
34. h3 h5 35. h4 Ke7 36. Rd2 Bc5 37. Rb2 Bd4 38. Rc2 Bc5 39. Kf1 Kd8 40. Kg2
1/2-1/2